| 000 | 02270nam a22003735i 4500 | ||
|---|---|---|---|
| 001 | 20539711 | ||
| 005 | 20260414150204.0 | ||
| 008 | 260327s2007 ag 000 0 spa | ||
| 010 | _a 2018357674 | ||
| 020 | _a9789871246595 | ||
| 040 |
_aDLC _beng _erda _cDLC _dAR-MoUNM |
||
| 042 | _apcc | ||
| 082 | 0 |
_220 _a338.4 _bPOLIT 769 |
|
| 245 | 0 | 0 |
_aPolíticas de promoción y estrategias empresariales en la industria argentina : _b1950-1980 / _ccompilación, Marcelo Rougier ; Patricia Jerez...[et al.] |
| 260 |
_aBuenos Aires : _bEdiciones Cooperativas, _c2007. |
||
| 300 |
_a303 p. : _btablas ; cuadros ; _c20 cm. |
||
| 504 | _aIncluye referencias bibliográficas (p. 291-303) | ||
| 505 | 0 |
_t Capítulo 1. Treinta años en la evolución de la industria siderúrgica argentina (1947-1976): una cuestión de oferta y demanda / _rPatricia Jerez. _gp. 25-46. |
|
| 505 | 0 |
_tCapítulo 2. La Dirección General de Fabricaciones Militares y su papel en la industrialización de posguerra, 1941-1958 / _rClaudio Belini. _gp. 47-82. |
|
| 505 | 0 |
_tCapítulo 3. Un nuevo actor siderúrgico en la Argentina de posguerra: el Grupo Techint / _rClaudio Castro. _gp. 83-108. |
|
| 505 | 0 |
_tCapítulo 4. Una mirada sobre los avatares del sector productor de maquinaria agrícola / _rAndrés Lajer ; Mario Raccanello ; Juan Odisio. _gp. 109-132. |
|
| 505 | 0 |
_tCapítulo 5. Expansión y crisis en La Cantábrica (1940-1990) / _rMarcelo Rougier. _gp.133-176. |
|
| 505 | 0 |
_tCapítulo 6. Taller Adabor S.A. : de exportadora de silos a fabrica recuperada / _rMarcelo Rougier. _gp. 177-210. |
|
| 505 | 0 |
_tCapítulo 7. La fábrica de cosechadoras: Vassalli frente a la insestabilidad macroeconómica de la segunda mitad del siglo XX / _rMarcelo Rougier. _gp. 211-252. |
|
| 505 | 0 |
_tCapítulo 8. La industria argentina mirada a través del crecimiento, consolidación y decadencia de Winco, 1954-1980 / _rGraciela Pampín. _gp. 253-293. |
|
| 650 | 7 |
_2unescot _95244 _aINDUSTRIA |
|
| 650 | 7 |
_2unescot _95179 _aPOLITICA INDUSTRIAL |
|
| 650 | 7 |
_2unescot _91479 _aECONOMIA INDUSTRIAL |
|
| 650 | 7 |
_aHISTORIA ECONOMICA _2ar-mounm _91308 |
|
| 700 | 1 |
_9486 _aRougier, Marcelo. _ecomp. |
|
| 906 |
_a0 _bibc _corignew _d2 _encip _f20 _gy-gencatlg |
||
| 942 |
_cLIBRO _2ddc |
||
| 999 |
_c21695 _d21696 |
||